Movie Pictures Starting with G - Statistics

General Stats
  • This quiz has been taken 129 times
    10 since last reset
  • The average score is 20 of 35
Answer Stats
Picture Answer % Correct
Ghostbusters
100%
Gladiator
100%
Gremlins
100%
The Godfather
100%
The Greatest Showman
100%
The Green Mile
100%
The Grinch
100%
Get Out
89%
Grease
89%
Groundhog Day
89%
Grown Ups
89%
Green Book
78%
The Good the Bad and the Ugly
78%
Ghost
67%
Ghost Rider
67%
Gone Girl
67%
Goodfellas
67%
Good Will Hunting
67%
Goosebumps
67%
Guardians of the Galaxy
67%
The Goonies
67%
The Grand Budapest Hotel
67%
Gone With The Wind
44%
Girl Interrupted
33%
The Girl on the Train
33%
Girl in the Basement
22%
Gentlemen Prefer Blondes
11%
Ghosted
11%
Grave Encounters
11%
The Gorge
11%
The Greatest Beer Run Ever
11%
The Green Hornet
11%
Grosse Pointe Blank
0%
Gunpowder Milkshake
0%
The Great Race
0%
No matching quizzes found
Score Distribution
Percent of People with Each Score
Percentile by Number Answered
Your Score History
You have not taken this quiz since the last reset